ბათუმის შოთა რუსთაველის სახელმწიფო უნივერსიტეტის ბიბლიოთეკა

HTML web-საიტების კონსტრუირება. (ბიბ.ჩანაწერი № 35784)

000 -LEADER
fixed length control field 00795nam a2200229Ia 4500
001 - CONTROL NUMBER
control field 1667
003 - CONTROL NUMBER IDENTIFIER
control field GE_BSU
008 - FIXED-LENGTH DATA ELEMENTS--GENERAL INFORMATION
fixed length control field 181216s||||||||xx |||||||||||||| ||und||
020 ## - INTERNATIONAL STANDARD BOOK NUMBER
International Standard Book Number 97899940522
040 ## - CATALOGING SOURCE
Transcribing agency GE_BSU
080 ## - UNIVERSAL DECIMAL CLASSIFICATION NUMBER
Universal Decimal Classification number 004.9(075.8)
245 ## - TITLE STATEMENT
Title HTML web-საიტების კონსტრუირება.
245 ## - TITLE STATEMENT
Remainder of title დამხმარე სახელმძღვანელო
260 ## - PUBLICATION, DISTRIBUTION, ETC.
Place of publication, distribution, etc. ქუთაისი
260 ## - PUBLICATION, DISTRIBUTION, ETC.
Name of publisher, distributor, etc. აკაკი წერთლის სახ. უნ–ტი
260 ## - PUBLICATION, DISTRIBUTION, ETC.
Date of publication, distribution, etc. 2008
300 ## - PHYSICAL DESCRIPTION
Extent 76 გვ. 19 ცმ.
653 ## - INDEX TERM--UNCONTROLLED
Uncontrolled term HTML web-საიტების კონსტრუირება.
653 ## - INDEX TERM--UNCONTROLLED
Uncontrolled term ვებ გვერდების კონსტრუირება
942 ## - ADDED ENTRY ELEMENTS (KOHA)
Koha item type წიგნი
ეგზემპლარები
Withdrawn status Lost status Damaged status Not for loan Date acquired Barcode Date last seen Price effective from Koha item type
        2018-12-17 3202 2018-12-17 2018-12-17 წიგნი